000 00469nab a2200145Ia 4500
003 ES-SlBCS
005 20210601124325.0
008 140529s1994 xxu||||| |||| 00| 0 eng d
041 _aeng
100 1 _aBowers, C. A.
_9139519
245 0 0 _aEducational Implications of an Ecologically Centered View of Creativity
_c C. A. Bowers
650 0 4 _aCreatividad-Ecología
_9139737
773 0 _tEducational Theory
_gvol. 44, nº. 2, 1994, págs. 159-171
_wRev1399
942 _cAR
999 _c512941
_d512941